Los autores como actores : Y otros interes literarios de acá y de allá /
Guardado en:
| Autor Principal: | |
|---|---|
| Formato: | Libro |
| Idioma: | Undetermined |
| Publicado: |
México d.f. :
El colegio de México,
1951.
|
| Materias: | |
| Etiquetas: |
Agregar Etiqueta
Sin Etiquetas, Sea el primero en etiquetar este registro!
|
| LEADER | 00579nam a22001575a 4500 | ||
|---|---|---|---|
| 001 | EHU.bham047608 | ||
| 005 | 20110708102154.0 | ||
| 008 | 110708s1951####mx############000#0#und#d | ||
| 100 | 1 | |a Moreno Villa, José. | |
| 245 | 0 | 0 | |a Los autores como actores : |b Y otros interes literarios de acá y de allá / |c José Moreno Villa. |
| 260 | |a México d.f. : |b El colegio de México, |c 1951. | ||
| 300 | |a 280 p. | ||
| 653 | |a Historia de la literatura. | ||
| 653 | |a Literatura latinoamericana. | ||
| 653 | |a Generación del '98. | ||
| 859 | |a AR-BHAM |b BIB. HUMANIDADES - Donacion Lejarraga |h MFN001827 |p 001827.19 | ||
